Welcome to the Holygrace Academy Library

Please use search bar below to get started

BIG LITTLE BUS (Record no. 4335)

MARC details
000 -LEADER
fixed length control field 00264nam a22001217a 4500
020 ## - INTERNATIONAL STANDARD BOOK NUMBER
ISBN 0-7214-1921-6
082 ## - DEWEY DECIMAL CLASSIFICATION NUMBER
Classification number 823
Item number BAX/B
100 ## - MAIN ENTRY--AUTHOR NAME
Personal name BAXTER, NICOLA
245 ## - TITLE STATEMENT
Title BIG LITTLE BUS
260 ## - PUBLICATION, DISTRIBUTION, ETC. (IMPRINT)
Place of publication LONDON
Name of publisher LADYBIRD
650 ## - SUBJECT ADDED ENTRY--TOPICAL TERM
Topical Term ENGLISH SHORT STORY
Geographic subdivision UK
942 ## - ADDED ENTRY ELEMENTS (KOHA)
Koha item type Books
Holdings
Withdrawn status Lost status Collection code Home library Current library Shelving location Date acquired Source of acquisition Full call number Accession Number Koha item type
    Fiction Main Library Main Library SHELF-3-H-LADYBIRD STORY BOOKS 14/05/2014 PURCHASE 823 BAX/B 08954 Books
    Fiction Main Library Main Library SHELF-3-H-LADYBIRD STORY BOOKS 19/03/2015 PURCHASE 823 BAX/B 09230 Books